La cultura occidental /

Guardado en:
Autor Principal: Romero, José Luis
Formato: Libro
Publicado: Buenos Aires : Columba, 1966
Edición:3a. ed.
Series:Esquemas, 8
Materias:
Etiquetas: Agregar Etiqueta
Sin Etiquetas, Sea el primero en etiquetar este registro!
LEADER 00611nam a22002175a 4500
001 CEM.cems005588
005 20060221000000.0
008 130507s1966##################000#0#####d
003 CEMS
082 0 4 |a 940 
100 1 |a Romero, José Luis 
245 1 0 |a La cultura occidental / 
250 |a 3a. ed. 
260 |a Buenos Aires :  |b Columba,  |c 1966 
300 |a 61 p. 
490 0 |a Esquemas, 8 
653 |a Cultura occidental 
653 |a Historia 
653 |a Historia de europa 
859 |a CEMS  |b BIB. CEMS - 11 de abril  |h 940  |i R664a3  |p 3512.75  |t Ej.1 
859 |a CEMS  |b BIB. CEMS - 11 de abril  |h 940  |i R664a3  |p 3689.75  |t Ej.2